• 首页
  • 本馆介绍
  • 公告通知
  • 最新文献
  • 馆藏检索
  • 电子资源
  • 读者导购
  • 参考咨询
  • 我的图书馆
  • 登录
  • 详细信息显示
  • 放入我的书架
  • 预约/预借图书
  • 作者相关作品
  • 分类相关作品
  • 丛书相关作品
  • 出版社相关作品

书目信息

  • 表格格式
  • 工作单格式
  • 卡片格式
题名:
SMT设备的操作与维护
    
 
作者: 左翠红 主编
分册:  
出版信息: 北京   高等教育出版社  2013.01
页数: 255页
开本: 26cm
丛书名: 高等职业教育专业教学资源库建设项目规划教材
单 册:
中图分类: TN305.94
科图分类:
主题词: SMT设备--操作--高等职业教育--教材 , SMT设备--维修--高等职业教育--教材
电子资源:
ISBN: 978-7-04-036421-7
000 01137nam0 2200277 450
001 3632
005 20160926154809.06
010    @a978-7-04-036421-7@b平装@dCNY29.00
100    @a20130130d2013 em y0chiy50 ea
101 0  @achi
102    @aCN@b110000
105    @aa z 000yy
200 1  @aSMT设备的操作与维护@9smt she bei de cao zuo yu wei hu@f左翠红主编
210    @a北京@c高等教育出版社@d2013.01
215    @a255页@c图@d26cm
225 2  @a高等职业教育专业教学资源库建设项目规划教材@9gao deng zhi ye jiao yu zhuan ye jiao xue zi yuan ku jian she xiang mu gui hua jiao cai
300    @a高等职业教育应用电子技术专业教学资源库
330    @a本书根据现代电子制造业对表面贴装岗位技术人才的需要,系统介绍了表面贴装技术工艺设备的操作与维护技术。
333    @a高职高专院校、成人院校等应用电子技术、电气自动化技术及相关专业师生
461  0 @12001 @a高等职业教育专业教学资源库建设项目规划教材
606 0  @aSMT设备@x操作@x高等职业教育@j教材
606 0  @aSMT设备@x维修@x高等职业教育@j教材
690    @aTN305.94@v4
701  0 @a左翠红@9zuo cui hong@4主编
801  0 @aCN@b唐山师范学院图书馆@c20151001
905    @aZUCC@dTN305.94@e55
    
    SMT设备的操作与维护/左翠红主编.-北京:高等教育出版社,2013.01
    255页:图;26cm.-(高等职业教育专业教学资源库建设项目规划教材)
    高等职业教育应用电子技术专业教学资源库.-使用对象:高职高专院校、成人院校等应用电子技术、电气自动化技术及相关专业师生
    
    ISBN 978-7-04-036421-7(平装):CNY29.00
    本书根据现代电子制造业对表面贴装岗位技术人才的需要,系统介绍了表面贴装技术工艺设备的操作与维护技术。
●
相关链接 在E读中查询图书 在五车中查询图书 在当当中查询图书 在豆瓣中查询图书


正题名:SMT设备的操作与维护     索取号:TN305.94/55         预约/预借

序号 登录号 条形码 馆藏地/架位号 状态 备注
1 906006   209060068   第二样本阅览室/ [索取号:TN305.94/55] 在馆    
2 906007   209060077   第三借阅区/ [索取号:TN305.94/55] 在馆    
3 906008   209060086   第三借阅区/ [索取号:TN305.94/55] 在馆    
4 906009   209060095   第三借阅区/ [索取号:TN305.94/55] 在馆    
5 906010   209060102   第三借阅区/ [索取号:TN305.94/55] 在馆    
唐山师范学院图书馆 欢迎您!
大连网信软件有限公司© 版权所有